[Event "SLO-chT U20"]
[Site "Sentjur"]
[Date "2005.08.24"]
[Round "6"]
[White "Banko, Simon"]
[Black "Skrlep, Jaka"]
[Result "1-0"]
[WhiteElo "1500"]
[BlackElo "1961"]
[PlyCount "39"]
[EventDate "2005.08.21"]
[EventType "team"]
[EventRounds "9"]
[EventCountry "SLO"]
[SourceTitle "EXT 2008"]
[Source "ChessBase"]
[SourceDate "2007.11.25"]
[SourceVersion "1"]
[SourceVersionDate "2007.11.25"]
[SourceQuality "1"]

1. e4 c5 2. Nf3 Nc6 3. Bb5 g6 4. 0-0 Bg7 5. Re1 d6 6. a4 e6 7. Nc3 Nge7 8. Nd5 0-0 9. Nxe7+ Qxe7 10. Bxc6 bxc6 11. a5 Ba6 12. e5 d5 13. d3 Rab8 14. Bg5 Qc7 15. b3 h6 16. Bf6 Qb7 17. Ra4 Qc7 18. Qd2 Rb5 19. Rh4 Qxa5 20. Qxh6 1-0

[Event "SLO-chT U20"]
[Site "Sentjur"]
[Date "2005.08.24"]
[Round "5"]
[White "Buzeti, Jernej"]
[Black "Banko, Simon"]
[Result "1-0"]
[WhiteElo "1948"]
[BlackElo "1500"]
[PlyCount "51"]
[EventDate "2005.08.21"]
[EventType "team"]
[EventRounds "9"]
[EventCountry "SLO"]
[SourceTitle "EXT 2008"]
[Source "ChessBase"]
[SourceDate "2007.11.25"]
[SourceVersion "1"]
[SourceVersionDate "2007.11.25"]
[SourceQuality "1"]

1. e4 c5 2. Nf3 Nc6 3. d4 cxd4 4. Nxd4 e5 5. Nb5 d6 6. N1c3 a6 7. Na3 b5 8. Nd5 Be6 9. Be3 Bxd5 10. exd5 Nce7 11. c4 Nf6 12. cxb5 Nfxd5 13. bxa6 Qa5+ 14. Bd2 Nb4 15. Nc4 Qc5 16. Be3 Qc7 17. Nxd6+ Kd7 18. Nb5+ Nbd5 19. Nxc7 Kxc7 20. Rc1+ Nc6 21. Qxd5 Bb4+ 22. Ke2 Rxa6 23. Kf3 e4+ 24. Qxe4 f5 25. Qxb4 Rb8 26. Qe7+ 1-0

[Event "SLO-ch U20"]
[Site "Celje"]
[Date "2004.01.11"]
[Round "3"]
[White "Mitrovic, Boris"]
[Black "Banko, Simon"]
[Result "1-0"]
[WhiteElo "1836"]
[BlackElo "1500"]
[PlyCount "47"]
[EventDate "2004.01.10"]
[EventType "swiss"]
[EventRounds "7"]
[EventCountry "SLO"]
[SourceTitle "CBM 098 Extra"]
[Source "ChessBase"]
[SourceDate "2004.03.10"]
[SourceVersion "2"]
[SourceVersionDate "2004.03.10"]
[SourceQuality "1"]

1. e4 c5 2. Nf3 Nc6 3. d4 cxd4 4. Nxd4 e5 5. Nb5 d6 6. N1c3 a6 7. Na3 b5 8. Nd5 Be7 9. Be3 Rb8 10. c3 Be6 11. Nc2 Bg5 12. Bxg5 Qxg5 13. Nc7+ Kd7 14. Nxa6 Rb6 15. Nab4 Nxb4 16. Nxb4 Nf6 17. a4 Nxe4 18. Bxb5+ Rxb5 19. axb5 Bb3 20. Qf3 Qd2+ 21. Kf1 Bc4+ 22. Kg1 Qxb2 23. Ra7+ Ke6 24. Qxf7# 1-0

[Event "SLO-chT U20"]
[Site "Slovenia"]
[Date "2002.??.??"]
[Round "9"]
[White "Banko, Simon"]
[Black "Skrlep, Jaka"]
[Result "1/2-1/2"]
[WhiteElo "1540"]
[BlackElo "1658"]
[PlyCount "93"]
[EventDate "2002.08.??"]
[EventType "team"]
[EventRounds "9"]
[EventCountry "SLO"]
[SourceTitle "EXT 2005"]
[Source "ChessBase"]
[SourceDate "2004.11.15"]
[SourceVersion "1"]
[SourceVersionDate "2004.11.15"]
[SourceQuality "1"]

1. e4 c5 2. Nf3 Nc6 3. d4 cxd4 4. Nxd4 g6 5. Be3 Bg7 6. Bc4 Nf6 7. Nc3 a6 8. h3 0-0 9. Qd2 Qc7 10. 0-0-0 b5 11. Bb3 b4 12. Nd5 Qb7 13. Nxf6+ Bxf6 14. Nxc6 dxc6 15. f4 a5 16. e5 Bg7 17. Rdg1 a4 18. Bc4 Be6 19. Qe2 b3 20. a3 bxc2 21. Qxc2 Rab8 22. Bxe6 fxe6 23. Rh2 Rfd8 24. g4 c5 25. Kb1 Qf3 26. Bc1 Qxa3 27. Bd2 Rb7 28. Kc1 Qa1+ 29. Qb1 Qxb1+ 30. Kxb1 a3 31. Bc3 Ra8 32. Rc2 axb2 33. Rxb2 Rc7 34. Kc2 Ra4 35. Rf1 Bh6 36. g5 Bg7 37. Kd3 Ra3 38. Kc4 Ra4+ 39. Kb5 Re4 40. Kb6 Rc8 41. Kb7 Rf8 42. Rbf2 c4 43. Kc7 Re3 44. Rf3 Re2 45. R1f2 Re4 46. Kd7 Kf7 47. h4 1/2-1/2

[Event "SLO-chT U20"]
[Site "Slovenia"]
[Date "2002.??.??"]
[Round "6"]
[White "Tomazin, Tomaz"]
[Black "Banko, Simon"]
[Result "1-0"]
[WhiteElo "1782"]
[BlackElo "1540"]
[PlyCount "77"]
[EventDate "2002.08.??"]
[EventType "team"]
[EventRounds "9"]
[EventCountry "SLO"]
[SourceTitle "EXT 2005"]
[Source "ChessBase"]
[SourceDate "2004.11.15"]
[SourceVersion "1"]
[SourceVersionDate "2004.11.15"]
[SourceQuality "1"]

1. d4 d5 2. Nf3 Nf6 3. c4 e6 4. Nc3 Be7 5. g3 Nbd7 6. cxd5 Nxd5 7. Qb3 N7b6 8. Bg2 0-0 9. 0-0 c5 10. Nxd5 Qxd5 11. Qxd5 Nxd5 12. Rd1 Rd8 13. dxc5 Bd7 14. e4 Nb4 15. Be3 Nc2 16. Rac1 Nxe3 17. fxe3 h6 18. e5 Bc6 19. b4 Rxd1+ 20. Rxd1 a5 21. a3 axb4 22. axb4 Ra3 23. Kf2 Rb3 24. Rd4 Kh7 25. Nd2 Ra3 26. Bxc6 bxc6 27. h4 Rc3 28. Rd7 Bxc5 29. bxc5 Rxc5 30. Rxf7 Rxe5 31. Rc7 Rf5+ 32. Ke2 Rc5 33. Re7 e5 34. Ne4 Kg6 35. Nxc5 Kf6 36. Re6+ Kf5 37. Rxc6 g6 38. Kf3 g5 39. e4# 1-0